Govt. of
Madhya Pradesh

Kriya Yoga (Record no. 8112)

MARC details
000 -LEADER
fixed length control field 003010000a22001450004500
003 - CONTROL NUMBER IDENTIFIER
control field MACL
040 ## - CATALOGING SOURCE
Original cataloging agency MACL
090 ## - LOCALLY ASSIGNED LC-TYPE CALL NUMBER (OCLC); LOCAL CALL NUMBER (RLIN)
-- 8162
-- 8161
100 ## - MAIN ENTRY--PERSONAL NAME
Personal name Hariharananda, Paramahsa
245 ## - TITLE STATEMENT
Title Kriya Yoga
260 ## - PUBLICATION, DISTRIBUTION, ETC. (IMPRINT)
Name of publisher, distributor, etc. Motilal Banarsidass
Date of publication, distribution, etc. 2008
350 ## - PRICE (NR) (BK AM CF MU VM SE) [OBSOLETE]
Price 295
650 ## - SUBJECT ADDED ENTRY--TOPICAL TERM
Topical term or geographic name as entry element Philosophy
942 ## - ADDED ENTRY ELEMENTS (KOHA)
Koha item type Library Membar
Call number prefix 100
Holdings
Withdrawn status Lost status Source of classification or shelving scheme Damaged status Not for loan Home library Current library Date acquired Cost, normal purchase price Total Checkouts Full call number Barcode Date last seen Uniform Resource Identifier Price effective from Koha item type
          MACL MACL 15/04/2015 295.00   100/har CRE021568 02/05/2024 8026 15/04/2015 Books